[Event "Albacete op 16th"]
[Site "Albacete"]
[Date "2008.09.01"]
[Round "1"]
[White "Cabrera Pino, Alexis"]
[Black "Munoz Fernandez, Jose Luis"]
[Result "1-0"]
[WhiteElo "2513"]
[BlackElo "1924"]
[PlyCount "91"]
[EventDate "2008.09.01"]
[EventType "swiss"]
[EventRounds "9"]
[EventCountry "ESP"]
[SourceTitle "CBM 126 Extra"]
[Source "ChessBase"]
[SourceDate "2008.11.05"]
[SourceVersion "1"]
[SourceVersionDate "2008.11.05"]
[SourceQuality "1"]

1. e4 e5 2. Nf3 Nc6 3. Bb5 a6 4. Ba4 Nf6 5. 0-0 Be7 6. Re1 b5 7. Bb3 d6 8. c3 0-0 9. h3 Na5 10. Bc2 c5 11. d4 Qc7 12. Nbd2 cxd4 13. cxd4 Bd7 14. Nf1 Rfc8 15. Bd3 Nc6 16. Be3 d5 17. exd5 Nxd5 18. Nxe5 Nxe5 19. dxe5 Qxe5 20. Bc5 Qg5 21. Bxe7 Nxe7 22. Bxh7+ Kxh7 23. Qxd7 Ng6 24. Rad1 Ne5 25. Qd5 f6 26. Ne3 Rd8 27. Qe4+ Qg6 28. Qxg6+ Kxg6 29. Kf1 Nc4 30. Nxc4 bxc4 31. Ke2 Rdb8 32. Rb1 Rb5 33. Kd2 Rab8 34. Kc3 Ra5 35. Ra1 Rg5 36. g3 Rgb5 37. Re2 Kg5 38. Rd1 R8b6 39. Re7 g6 40. Red7 f5 41. R7d6 f4 42. Rxb6 Rxb6 43. Rd5+ Kh6 44. gxf4 Re6 45. f5 gxf5 46. Rxf5 1-0

[Event "Albacete op 15th"]
[Site "Albacete"]
[Date "2007.09.02"]
[Round "1"]
[White "Lazarev, Vladimir"]
[Black "Munoz Fernandez, Jose Luis"]
[Result "1-0"]
[WhiteElo "2498"]
[BlackElo "1938"]
[PlyCount "67"]
[EventDate "2007.09.02"]
[EventType "swiss"]
[EventRounds "9"]
[EventCountry "ESP"]
[SourceTitle "CBM 120 Extra"]
[Source "ChessBase"]
[SourceDate "2007.11.01"]
[SourceVersion "1"]
[SourceVersionDate "2007.11.01"]
[SourceQuality "1"]

1. d4 Nf6 2. c4 g6 3. Nc3 Bg7 4. e4 d6 5. h3 Nbd7 6. Bg5 0-0 7. Bd3 e5 8. d5 a5 9. Nge2 Nc5 10. Bc2 Bd7 11. 0-0 h6 12. Be3 b6 13. Qd2 Kh7 14. Rab1 Ng8 15. b3 f5 16. exf5 Bxf5 17. Bxf5 gxf5 18. f4 e4 19. Nb5 Rf7 20. Nbd4 Qe7 21. Kh2 Qd7 22. Rg1 h5 23. a3 Ne7 24. b4 axb4 25. axb4 Nd3 26. Ne6 Bf6 27. g4 hxg4 28. hxg4 fxg4 29. Rxg4 Rg8 30. Rxg8 Nxg8 31. Ng3 c5 32. Nxe4 Nxb4 33. Qg2 Nh6 34. N4g5+ 1-0